[Event "XXIV Olimpiadi"]
[Site "La Valletta MLT"]
[Date "1980.11.30"]
[Round "10.4"]
[White "Trabattoni, Franco"]
[Black "Hassan, Mohamed"]
[Result "1-0"]
[WhiteElo "2325"]
[BlackElo "2330"]
[Annotator "ITA-IND"]
[PlyCount "61"]
[EventDate "1980.11.20"]

1. e4 c6 2. d4 d5 3. Nd2 dxe4 4. Nxe4 Bf5 5. Ng3 Bg6 6. Nf3 Nd7 7. h4 h6 8. h5
Bh7 9. Bd3 Bxd3 10. Qxd3 e6 11. Bf4 Qa5+ 12. Bd2 Qc7 13. O-O-O Ngf6 14. Qe2
O-O-O 15. c4 Bd6 16. Ne4 Bf4 17. Kb1 Nxe4 18. Qxe4 Bxd2 19. Rxd2 Nf6 20. Qh4
Qa5 21. c5 Rd5 22. Qf4 Rf5 23. Qe3 Rd8 24. Rhd1 Rxh5 25. Ne5 Nd5 26. Qb3 Qc7
27. Nc4 Kb8 28. Nd6 Nf6 29. Qf3 e5 30. dxe5 Rxe5 31. Nb5 1-0

[Event "XXIV Olimpiadi"]
[Site "La Valletta MLT"]
[Date "1980.12.02"]
[Round "11.1"]
[White "Toth, Bela"]
[Black "Andersson, Ulf"]
[Result "1/2-1/2"]
[WhiteElo "2390"]
[BlackElo "2590"]
[Annotator "ITA-SWE"]
[PlyCount "54"]
[EventDate "1980.11.20"]

1. d4 Nf6 2. c4 e6 3. Nf3 b6 4. g3 Ba6 5. Nbd2 Bb7 6. Bg2 Be7 7. O-O O-O 8. Re1
d5 9. cxd5 exd5 10. b3 Nbd7 11. Bb2 Re8 12. Rc1 Bd6 13. e3 Qe7 14. Qc2 c5 15.
dxc5 bxc5 16. e4 Nxe4 17. Nh4 Be5 18. Nxe4 Bxb2 19. Qxb2 dxe4 20. Nf5 Qf8 21.
Rcd1 Bc6 22. Nd6 Re6 23. Bxe4 Bxe4 24. Nxe4 Qe7 25. Re3 h6 26. Qd2 Nb6 27. Nc3
Rxe3 1/2-1/2

[Event "XXIV Olimpiadi"]
[Site "La Valletta MLT"]
[Date "1980.12.02"]
[Round "11.2"]
[White "Karlsson, Lars"]
[Black "Taruffi, Daniele"]
[Result "0-1"]
[WhiteElo "2405"]
[BlackElo "2345"]
[Annotator "ITA-SWE"]
[PlyCount "84"]
[EventDate "1980.11.20"]

1. Nf3 d5 2. b3 Nf6 3. Bb2 Bg4 4. e3 Nbd7 5. d4 e6 6. Be2 Ne4 7. O-O c6 8. c4
Bd6 9. Ne5 Bxe2 10. Qxe2 Qc7 11. Nxd7 Qxd7 12. f3 Nf6 13. e4 dxe4 14. fxe4 e5
15. dxe5 Bc5+ 16. Kh1 Ng4 17. Nc3 Nxe5 18. Qh5 Qe7 19. Rad1 O-O 20. Na4 f6 21.
Qf5 Bd6 22. Bd4 Rad8 23. h3 Rfe8 24. Qf2 Bb8 25. Bxa7 Nd3 26. Qe3 Bxa7 27. Qxa7
Qxe4 28. Qg1 Qe2 29. Ra1 Qc2 30. Nc5 Re2 31. Nxd3 Rxd3 32. Rf4 Rg3 33. Rg4 Rxg4
34. hxg4 Qe4 35. Qh2 Qxg4 36. Rf1 h6 37. a4 Rb2 38. a5 Kh7 39. c5 Rxb3 40. Qd6
Rb2 41. Qd3+ Qg6 42. Qf3 Rc2 0-1

[Event "XXIV Olimpiadi"]
[Site "La Valletta MLT"]
[Date "1980.12.02"]
[Round "11.3"]
[White "Passerotti, Pierluigi"]
[Black "Schussler, Harry"]
[Result "1/2-1/2"]
[WhiteElo "2330"]
[BlackElo "2420"]
[Annotator "ITA-SWE"]
[PlyCount "60"]
[EventDate "1980.11.20"]

1. e4 g6 2. d4 Bg7 3. Nf3 d6 4. h3 Nf6 5. Nc3 O-O 6. Be2 c6 7. a4 Nbd7 8. Be3
e5 9. O-O Re8 10. dxe5 dxe5 11. Bc4 Qe7 12. Re1 Nc5 13. Ng5 Ne6 14. Nxe6 Bxe6
15. Bxe6 Qxe6 16. Qe2 Bf8 17. Red1 Bb4 18. Na2 Ba5 19. f3 Red8 20. Rxd8+ Rxd8
21. Nc1 Bb6 22. Nd3 Qc4 23. Bxb6 axb6 24. Qf2 Nd7 25. b3 Qc3 26. Rd1 Nc5 27.
Qd2 Qd4+ 28. Qf2 Qc3 29. Qd2 Qd4+ 30. Qf2 Qc3 1/2-1/2

[Event "XXIV Olimpiadi"]
[Site "La Valletta MLT"]
[Date "1980.12.02"]
[Round "11.4"]
[White "Wedberg, Tom"]
[Black "Trabattoni, Franco"]
[Result "1-0"]
[WhiteElo "2425"]
[BlackElo "2325"]
[Annotator "ITA-SWE"]
[PlyCount "55"]
[EventDate "1980.11.20"]

1. e4 c5 2. Nf3 d6 3. d4 cxd4 4. Nxd4 Nf6 5. Nc3 g6 6. Bc4 Bg7 7. h3 O-O 8. Bb3
Nc6 9. Be3 Bd7 10. O-O Qa5 11. Qd3 Rac8 12. f4 Rfd8 13. Rad1 Be8 14. Nxc6 bxc6
15. Bd2 Qc7 16. Rde1 Nd7 17. Na4 Nb6 18. Nxb6 axb6 19. f5 Qd7 20. Qg3 Kh8 21.
fxg6 fxg6 22. Rf3 c5 23. Bc3 e5 24. Bd5 Qe7 25. Ref1 Bd7 26. Rf7 Qe8 27. Qh4
Bb5 28. Rxg7 1-0

[Event "XXIV Olimpiadi"]
[Site "La Valletta MLT"]
[Date "1980.12.03"]
[Round "12.1"]
[White "Alburt, Lev O."]
[Black "Toth, Bela"]
[Result "1-0"]
[WhiteElo "2515"]
[BlackElo "2390"]
[Annotator "ITA-USA"]
[PlyCount "93"]
[EventDate "1980.11.20"]

1. d4 Nf6 2. Nf3 e6 3. g3 d5 4. Bg2 c5 5. O-O Nc6 6. c4 dxc4 7. Qa4 Bd7 8. Qxc4
cxd4 9. Nxd4 Rc8 10. Nc3 Nxd4 11. Qxd4 Bc5 12. Qh4 Be7 13. Bxb7 Rc7 14. Bf3 Nd5
15. Qe4 Nxc3 16. bxc3 Bc6 17. Qxc6+ Rxc6 18. Bxc6+ Kf8 19. Rb1 g5 20. Be3 Kg7
21. c4 Qc8 22. Bf3 Qxc4 23. Rb7 g4 24. Rc1 Qxa2 25. Bxg4 Bd6 26. Rxa7 Qb3 27.
Rd7 h5 28. Bf3 Be5 29. Rb7 Qa4 30. h4 Kg6 31. Ra7 Qb3 32. Ra5 Qb2 33. Be4+ Kg7
34. Rb1 Qxe2 35. Rxe5 Rd8 36. Kg2 Rd1 37. Rg5+ Kf6 38. Rxd1 Qxd1 39. Bf3 Qd3
40. Bxh5 e5 41. Bg4 Qe4+ 42. Kh2 Ke7 43. h5 f6 44. Rg7+ Kf8 45. h6 Qc2 46. Be6
Qc6 47. Rg8+ 1-0

[Event "XXIV Olimpiadi"]
[Site "La Valletta MLT"]
[Date "1980.12.03"]
[Round "12.2"]
[White "Taruffi, Daniele"]
[Black "Seirawan, Yasser"]
[Result "0-1"]
[WhiteElo "2345"]
[BlackElo "2510"]
[Annotator "ITA-USA"]
[PlyCount "72"]
[EventDate "1980.11.20"]

1. e4 g6 2. Nc3 Bg7 3. h4 c6 4. Qf3 d5 5. exd5 Nf6 6. dxc6 Nxc6 7. Bb5 O-O 8.
Bxc6 Bg4 9. Qe3 bxc6 10. Nge2 e5 11. d3 Nd5 12. Qc5 Qd7 13. f3 Be6 14. h5 Rab8
15. a3 f5 16. Rb1 gxh5 17. Rxh5 Rf6 18. Bd2 Bf7 19. Rh4 Rg6 20. Qg1 Qe7 21. Ra4
Rb7 22. Kf1 Be6 23. b3 Nb6 24. Ra6 Bf8 25. Re1 Qh4 26. Ra5 Bd6 27. Qf2 Qd8 28.
Na4 Rbg7 29. Ng1 f4 30. Nc5 Bf5 31. Ne4 Bb8 32. Re2 Nd5 33. Rc5 a6 34. Qe1 Ba7
35. Ra5 Qb6 36. d4 Qxd4 0-1

[Event "XXIV Olimpiadi"]
[Site "La Valletta MLT"]
[Date "1980.12.04"]
[Round "13.1"]
[White "Toth, Bela"]
[Black "Garcia, Gildardo"]
[Result "1-0"]
[WhiteElo "2390"]
[BlackElo "2440"]
[Annotator "ITA-COL"]
[PlyCount "61"]
[EventDate "1980.11.20"]

1. d4 Nf6 2. c4 e6 3. Nc3 Bb4 4. Qc2 c5 5. dxc5 Na6 6. a3 Qa5 7. Bd2 Nxc5 8. f3
d5 9. Rc1 Bxc3 10. Bxc3 Qa4 11. cxd5 Nb3 12. dxe6 Bxe6 13. e4 O-O 14. Ne2 Rac8
15. Rd1 b5 16. Nf4 a5 17. Qf2 Rfd8 18. Rxd8+ Rxd8 19. Qb6 Rc8 20. Bxb5 Nd7 21.
Qb7 Ndc5 22. Bxa4 Nxb7 23. Nxe6 Nc1 24. Nf4 Nc5 25. Bb5 Na2 26. Nd5 Rb8 27. a4
Nb4 28. Bxb4 axb4 29. Nxb4 Nxa4 30. Bxa4 Rxb4 31. b3 1-0

[Event "XXIV Olimpiadi"]
[Site "La Valletta MLT"]
[Date "1980.12.04"]
[Round "13.2"]
[White "Zapata, Alonso"]
[Black "Zichichi, Alvise"]
[Result "1-0"]
[WhiteElo "2410"]
[BlackElo "2395"]
[Annotator "ITA-COL"]
[PlyCount "82"]
[EventDate "1980.11.20"]

1. e4 c5 2. Nf3 e6 3. d4 cxd4 4. Nxd4 Nf6 5. Nc3 d6 6. Bd3 Nc6 7. Nb3 Be7 8.
O-O O-O 9. f4 e5 10. Kh1 a5 11. Be3 a4 12. Nd2 a3 13. Rb1 exf4 14. Rxf4 Ne5 15.
bxa3 Rxa3 16. Bd4 Ng6 17. Rf1 Ng4 18. Nc4 Ra8 19. Nb6 Ra3 20. Qc1 d5 21. Nbxd5
Bd6 22. h3 Qh4 23. Nb5 Rxd3 24. cxd3 Bg3 25. Rb2 N4e5 26. Bxe5 Bxe5 27. d4 Bg3
28. Qe3 Be6 29. Nbc7 Rc8 30. Nxe6 fxe6 31. Nb6 Rd8 32. Rc2 h6 33. d5 Kh7 34.
dxe6 Re8 35. Qb3 Nf4 36. Nd5 Ng6 37. Qb2 Be5 38. Qxb7 Qg3 39. Nf6+ Bxf6 40.
Rxf6 Rd8 41. Rf1 Rf8 1-0

[Event "XXIV Olimpiadi"]
[Site "La Valletta MLT"]
[Date "1980.12.04"]
[Round "13.3"]
[White "Taruffi, Daniele"]
[Black "Castro Rojas, Oscar Humberto"]
[Result "1-0"]
[WhiteElo "2345"]
[BlackElo "2420"]
[Annotator "ITA-COL"]
[PlyCount "63"]
[EventDate "1980.11.20"]

1. e4 e5 2. Bc4 Nf6 3. d3 Nc6 4. Nc3 Bc5 5. Nf3 d6 6. Na4 Be6 7. Nxc5 dxc5 8.
Bb5 Bg4 9. Be3 Qd6 10. b3 Nd7 11. h3 Bxf3 12. Qxf3 f6 13. Qg4 O-O-O 14. Qxg7
Rdg8 15. Qf7 Rxg2 16. O-O-O Ne7 17. Rdg1 Rg6 18. Rg4 Kd8 19. Bc4 a6 20. a4 c6
21. a5 Qc7 22. Bd2 Qd6 23. Bc3 Rg5 24. Rhg1 Rg6 25. Kb1 Nc8 26. Rxg6 hxg6 27.
Rxg6 Qf8 28. Qxf8+ Nxf8 29. Rxf6 Nd7 30. Rf3 Rh6 31. Bd2 Rg6 32. Rg3 1-0

[Event "XXIV Olimpiadi"]
[Site "La Valletta MLT"]
[Date "1980.12.04"]
[Round "13.4"]
[White "Gonzalez Rodriguez, Jorge A."]
[Black "Passerotti, Pierluigi"]
[Result "1-0"]
[WhiteElo "2325"]
[BlackElo "2330"]
[Annotator "ITA-COL"]
[PlyCount "89"]
[EventDate "1980.11.20"]

1. c4 e6 2. Nf3 d5 3. g3 Nf6 4. Bg2 dxc4 5. Qa4+ Nbd7 6. O-O a6 7. Qxc4 c5 8.
a4 b5 9. Qc2 Bb7 10. Na3 Be7 11. d3 O-O 12. Bd2 Qb6 13. axb5 axb5 14. Qb3 Rab8
15. Bf4 Bd5 16. Qc2 Rbc8 17. e4 Bb7 18. Nd2 Rfd8 19. h3 Ba6 20. Qb3 Qc6 21.
Rfc1 e5 22. Be3 Nf8 23. Nf3 N6d7 24. d4 c4 25. Qa2 b4 26. Nxc4 Bxc4 27. b3 Qxe4
28. Nxe5 Qf5 29. Nxc4 Nf6 30. Qa7 Rd7 31. Qa6 Rdc7 32. d5 Bc5 33. Rd1 Ra7 34.
Qb5 Rxa1 35. Rxa1 Bxe3 36. Nxe3 Qe5 37. Rd1 Ne4 38. Qxb4 Nxg3 39. Qg4 Rc3 40.
Nc4 h5 41. Nxe5 hxg4 42. fxg3 gxh3 43. Bxh3 Rxg3+ 44. Kh2 Rxb3 45. d6 1-0

[Event "XXIV Olimpiadi"]
[Site "La Valletta MLT"]
[Date "1980.12.06"]
[Round "14.1"]
[White "Zichichi, Alvise"]
[Black "Delaney, Paul"]
[Result "1/2-1/2"]
[WhiteElo "2395"]
[BlackElo "2300"]
[Annotator "ITA-IRL"]
[PlyCount "82"]
[EventDate "1980.11.20"]

1. Nf3 Nf6 2. c4 g6 3. b3 Bg7 4. Bb2 O-O 5. g3 d6 6. d4 Nbd7 7. Bg2 e5 8. dxe5
dxe5 9. O-O Qe7 10. Nc3 c6 11. Nd2 Rd8 12. Qc1 Nf8 13. Rd1 Bf5 14. h3 h5 15. e4
Bc8 16. Nf3 Rxd1+ 17. Qxd1 N6d7 18. Qd2 Ne6 19. Ne2 f6 20. Rd1 Ndf8 21. Ne1 Ng5
22. Kh2 Bh6 23. Qa5 Nge6 24. Ba3 Qc7 25. Qc3 h4 26. Nf3 Qb6 27. Rf1 hxg3+ 28.
fxg3 Nc5 29. Nh4 Bg5 30. Bc1 Bxc1 31. Qxc1 Kg7 32. g4 Nh7 33. Nf3 Qc7 34. g5
Nxe4 35. gxf6+ Nexf6 36. Ng5 Qe7 37. Kh1 Bd7 38. Ng3 Rh8 39. Nf3 e4 40. Re1 Re8
41. Qc3 Kf7 1/2-1/2

[Event "XXIV Olimpiadi"]
[Site "La Valletta MLT"]
[Date "1980.12.06"]
[Round "14.2"]
[White "Ludgate, Alan Templeton"]
[Black "Passerotti, Pierluigi"]
[Result "0-1"]
[WhiteElo "2230"]
[BlackElo "2330"]
[Annotator "ITA-IRL"]
[PlyCount "78"]
[EventDate "1980.11.20"]

1. c4 e6 2. Nf3 d5 3. g3 Nf6 4. Bg2 dxc4 5. Qa4+ Nbd7 6. Qxc4 a6 7. b3 b5 8.
Qc2 Bb7 9. O-O c5 10. Bb2 Be7 11. d3 O-O 12. Nbd2 Rc8 13. Rac1 Qb6 14. Ne5 Bxg2
15. Kxg2 Nxe5 16. Bxe5 Nd5 17. Ne4 Nb4 18. Qb2 f6 19. Bc3 Nd5 20. Bd2 f5 21.
Nc3 Bf6 22. Qb1 Qd6 23. Kg1 Rfd8 24. Nxd5 exd5 25. d4 Bxd4 26. Qxf5 Bf6 27.
Rfd1 d4 28. Bb4 g6 29. Qg4 Qf8 30. Qe6+ Kg7 31. Bd2 Qd6 32. Qh3 c4 33. bxc4
bxc4 34. Ba5 Re8 35. Rc2 Qd5 36. Bc3 Rcd8 37. Rcd2 Qe4 38. Ba5 Rd5 39. Bb4 d3
0-1

[Event "XXIV Olimpiadi"]
[Site "La Valletta MLT"]
[Date "1980.12.06"]
[Round "14.3"]
[White "Trabattoni, Franco"]
[Black "Curtin, Eugene"]
[Result "1/2-1/2"]
[WhiteElo "2325"]
[BlackElo "2200"]
[Annotator "ITA-IRL"]
[PlyCount "128"]
[EventDate "1980.11.20"]

1. e4 c5 2. Nf3 d6 3. d4 cxd4 4. Nxd4 Nf6 5. Nc3 a6 6. Bg5 e6 7. f4 Bd7 8. Qf3
Nc6 9. O-O-O Nxd4 10. Rxd4 Bc6 11. Bc4 Qa5 12. Rhd1 Be7 13. Qh3 O-O-O 14. Nd5
Nxd5 15. exd5 Bxg5 16. fxg5 Bd7 17. dxe6 Qxg5+ 18. Kb1 Bxe6 19. Bxe6+ fxe6 20.
Qxe6+ Kb8 21. Rxd6 Rde8 22. Qd5 Qxd5 23. R6xd5 Re2 24. R5d2 Rhe8 25. c3 R8e7
26. Kc2 R2e5 27. Rd7 Re2+ 28. R1d2 Rxd2+ 29. Rxd2 Kc7 30. Kb3 Kc6 31. Rf2 Re5
32. Rf7 Rg5 33. g3 h5 34. Rf4 Re5 35. Rf7 Rg5 36. Rf3 Re5 37. h3 g5 38. Rf6+
Kc7 39. Rg6 b6 40. a3 Kb7 41. Kc4 h4 42. g4 Re3 43. Rxg5 Rxh3 44. Rh5 Rh2 45.
b4 h3 46. Kd5 Rd2+ 47. Ke4 h2 48. g5 Kc6 49. Kf5 b5 50. Rh3 Kd6 51. Kf6 Rf2+
52. Kg7 Ke6 53. g6 Rg2 54. Kh7 Kf6 55. Rh6 Ke7 56. Kg7 Ke8 57. Kf6 Rf2+ 58. Ke6
Kf8 59. Rh7 Rc2 60. Kd5 Rxc3 61. Rxh2 Rxa3 62. Rh8+ Kg7 63. Ra8 Kxg6 64. Kc5
Ra4 1/2-1/2